zpět

Detail výsledku týmu

Hospůdka Sokolovna, Bořitov

Datum a čas kvízu

28 Celkem bodů Celkový počet nahraných bodů na tomto kvízu bez doplňovacích otázek.
2. Pořadí na kvízu Konečné umístění týmu na tomto kvízu.

Zaznamenané odpovědi

# Otázka Odpověď Body Výsledky
1. V pondělí přijel na státní náv... z Belgie 0
2. O které kulturní památce ležíc... o věznici Alcatraz 1
3. Na Den vítězství oslavil své 9... (Sir) David Attenborough 1
4. Filipínské a americké vojenské... D) Předčasné samovolné potopení filipínské lodi. 0
5. Tři minuty a 57 sekund. Přesně... Španělsko 1
6. Podíváme se na historické udál... Pouštní bouře 1
7. Seřaďte chronologicky tyto pol... 1D 2A 3B 4C 0
8. V České republice vystoupila o... D 0
9. Ve kterém roce vstoupila Česká... v roce 2004, Vladimír Špidla 0.5
10. Ve kterém městě získala samost... ve Vídni, Kanadu 1